Normal view
MARC view
- BUSINESS & ECONOMICS / Marketing / Research
Entry Topical Term
001 - CONTROL NUMBER
- control field: 103001
003 - CONTROL NUMBER IDENTIFIER
- control field: NUST
005 - DATE AND TIME OF LATEST TRANSACTION
- control field: 20221118091916.0
008 - FIXED-LENGTH DATA ELEMENTS
- fixed length control field: 221118|| aca||aabn | a|a d
040 ## - CATALOGING SOURCE
- Original cataloging agency: NUST
- Transcribing agency: NUST
150 ## - HEADING--TOPICAL TERM
- Topical term or geographic name entry element: BUSINESS & ECONOMICS / Marketing / Research
670 ## - SOURCE DATA FOUND
- Source citation: Work cat.: (NUST)0: Glass, Russell, 1976- 103000, The big data-driven business :
